[Event "EU-ch 16th"]
[Site "Jerusalem"]
[Date "2015.02.25"]
[Round "2"]
[White "Timofeev, Artyom"]
[Black "Laznicka, Viktor"]
[Result "0-1"]
[WhiteElo "2564"]
[BlackElo "2670"]
[Annotator "Laznicka,V"]
[PlyCount "94"]
[EventDate "2015.02.24"]
[EventType "swiss"]
[EventRounds "11"]
[EventCountry "ISR"]
[SourceTitle "CBM 166"]
[Source "ChessBase"]
[SourceDate "2015.05.11"]
[SourceVersion "1"]
[SourceVersionDate "2015.05.11"]
[SourceQuality "1"]

1. e4 c5 2. Nf3 e6 3. d4 cxd4 4. Nxd4 Nc6 5. Nc3 Qc7 6. g3 a6 7. Bg2 Nge7 {
This is quite a rare move; usually Black opts for ...Nf6.} 8. Nb3 {It looks
logical to avoid an exchange of knights since the knight on e7 is slightly
misplaced.} d6 (8... Ne5 9. O-O h5 {could be a reasonable alternative.}) 9. O-O
(9. f4 b5 (9... g6 10. Be3 Bg7 11. Qd2 O-O 12. O-O-O $16) 10. Be3 Bb7 11. O-O {
would cause Black serious problems with his development.}) 9... g6 10. Be3 (10.
Qd2 $5 Ne5 11. Rd1 N7c6 12. a4 Bd7 13. f4 Qb6+ 14. Kf1 Ng4 15. Bf3 h5 16. a5
Qc7 17. Kg2 Be7 18. Na4 $14 {would also be unpleasant for Black.}) 10... Bg7 {
After this move it looks like Black has got the position he was aiming for.}
11. Na4 (11. a4 b6 12. Nd2 Na5 $13) 11... b5 12. Nb6 Rb8 13. Nxc8 Nxc8 14. c3
Nb6 15. Qe2 Nc4 16. Bf4 O-O 17. Rad1 {After more or less logical moves we have
reached a position where White has pair of bishops whilst on the other hand
Black's pieces are actively placed and he has good play on the queenside where
he would like to create some weaknesses to target. Meanwhile White has to
create some play on the kingside.} Rfd8 {This was not necessary, it is too
cautious.} (17... Rfc8 {was better; the rook will anyway end up on c8.}) 18. h4
(18. Nd4 Bxd4 19. cxd4 e5 20. dxe5 (20. Be3 Qa7 21. d5 Nxe3 22. fxe3 Na5 23.
Bh3 Rb7 24. Rc1 Rc7 25. b3 Rxc1 26. Rxc1 Kg7 27. Kf2 Nb7 28. b4 a5 29. a3 axb4
30. axb4 Ra8 $11) 20... dxe5 21. Bc1 Nd4 22. Qg4 h5 {would be fine for Black.})
18... Qa7 (18... h5 {was fine, the position is about equal.}) 19. h5 a5 $6 {
Probably too optimistic, Black had to wait.} 20. a3 $6 (20. Nc1 Qc7 21. b3 Na3
(21... N4e5 22. Bg5 Rdc8 23. f4 Nd7 24. Qd2 Nc5 25. h6 Bh8 26. Kh2 {and the
position has got much better for White.}) 22. Qd2 Be5 23. Nd3 $14) 20... N6e5
$11 21. Nd4 Rdc8 {The rook goes finally to a proper square.} 22. Nf3 {From
this point White begins to play very passively.} (22. Bh3 Qe7 23. Bc1 b4 24.
axb4 axb4 25. h6 Bh8 26. cxb4 Rxb4 27. b3 Na5 28. Bd2 Rxd4 29. Bxa5 Rxd1 30.
Rxd1 Bf6 31. Bb4 Rd8 32. Bf1 Nc6 $11) (22. h6 {would be more in the sense of
playing for a win} Bh8 (22... Bf6 23. Kh2 Qc5 24. Bc1 b4 25. cxb4 axb4 26. axb4
Qxb4 27. f4 Nd7 28. e5 dxe5 29. Nc6 Rxc6 30. Bxc6 Ndb6 31. fxe5 Bxe5 32. Qf3 f6
33. Rfe1 $16) (22... Bf8 23. Bh3 $13) 23. Bh3 Qe7 $13) 22... Nxf3+ 23. Bxf3 Qc5
24. Kg2 Be5 (24... g5 25. b4 Qc7 26. Bxg5 Bxc3 27. Rc1 Be5 28. Rfd1 a4 29. h6 {
might be dangerous for Black.}) 25. Bh6 (25. Rh1 Bxf4 26. gxf4 a4 27. Rh3 Kf8
28. hxg6 hxg6 29. Rh7 Ke7 30. Rdh1 Rg8 31. Kf1 e5 32. f5 Rbf8 {would be still
about equal.}) 25... b4 {Now Black is getting some pressure.} 26. axb4 axb4 27.
b3 Na5 28. Be3 (28. cxb4 Qxb4 {would not change much.}) 28... Qc6 $6 (28... Qc7
{was correct, since the knight on a5 is protected.}) 29. cxb4 $6 (29. Qa2 Ra8
30. cxb4 Nc4 31. Qe2 Nxe3+ 32. Qxe3 Qb5 33. Rc1 Qxb4 34. Rxc8+ Rxc8 35. Rc1
Rxc1 36. Qxc1 Qxb3 37. Qc8+ Kg7 38. h6+ Kxh6 39. Qf8+ Kg5 40. Qxf7 $11) 29...
Nxb3 {Now the black pieces are active, they are cooperating very well, the
pawn on b4 is hanging. White still has drawing chances, probably he has to
hope for some sort of opposite coloured bishop ending.} 30. Qe1 ({White had a
nice tactical shot} 30. b5 Rxb5 31. Rxd6 Bxd6 32. e5 Rd5 (32... Qd7 33. exd6
Na5 34. hxg6 hxg6 35. Rh1 Nc4) 33. exd6 Qxd6 34. Bxd5 Qxd5+ 35. Qf3 Qxf3+ 36.
Kxf3 Kg7 {is close to a draw.}) 30... Qc4 (30... Bc3 31. Qe2 Rxb4 32. hxg6 hxg6
33. e5 d5 34. Bg5 Nc5 35. Qe3 {and suddenly Black would have to be very
careful.}) 31. Rh1 Qxb4 32. Qg1 Rc2 (32... Nd4 33. hxg6 hxg6 34. Qh2 Nxf3 35.
Kxf3 Kf8 36. Qh4 {was better for Black but still not winning.}) 33. hxg6 hxg6
$6 (33... fxg6 34. Qh2 Rc7 35. Qh3 Re8 36. Qg4 Nd4 37. Rb1 Qa3 38. Rhc1 Nc2 39.
Bh6 Bb2 40. Rh1 Bg7 {would be very unpleasant for White.}) 34. Qh2 Qc3 35. Qh7+
(35. Qh6 {was the key move of the defence. Now White would be more or less ok.}
Nd4 (35... Nc5 36. Bd2 Qb2 37. Be3 Nd7 38. Rd3 Nf8 39. Qh4 Qb4 40. Qe7) 36.
Rxd4 Bxd4 37. Bxd4 Qxd4 38. Qh7+ Kf8 39. Qh8+ $18) 35... Kf8 36. Bh6+ (36. Kg1
Nc5 {now Black's attack is too strong.}) 36... Ke7 37. Bg5+ Bf6 38. Qh4 (38.
Qh6 {would be more stubborn.} Rd8 39. Rb1 Nc5 40. Rhc1 Rxc1 41. Bxc1 Rh8 42.
Qe3 $15) 38... Nd2 39. Bxf6+ (39. Be2 {was the last chance to stay in the game}
Qe5 40. Bxf6+ Qxf6 41. e5 Qxh4 42. exd6+ Kxd6 43. Rxh4 Ke5 44. Bd3 Rcb2 45.
Re1+ Kf6 46. Rd4 $15) 39... Qxf6 {Now, due to the weak second rank, it is all
over.} 40. Qxf6+ Kxf6 41. Rc1 Rbb2 42. Rxc2 Rxc2 43. Bd1 Rc1 44. f3 Ke5 45. Kf2
Kd4 46. Re1 g5 47. Ke2 Nb1 0-1

[Event "Hoogovens"]
[Site "Wijk aan Zee"]
[Date "1995.01.??"]
[Round "1"]
[White "Leko, Peter"]
[Black "Zvjaginsev, Vadim"]
[Result "1-0"]
[WhiteElo "2555"]
[BlackElo "2585"]
[Annotator "Leko,P"]
[PlyCount "99"]
[EventDate "1995.01.??"]
[EventType "k.o."]
[EventRounds "5"]
[EventCountry "NED"]
[SourceTitle "CBM 045"]
[Source "ChessBase"]
[SourceDate "1995.04.01"]
[SourceVersion "1"]
[SourceVersionDate "1995.04.01"]
[SourceQuality "1"]

1. e4 {Ribli} c5 2. Nf3 Nc6 3. d4 cxd4 4. Nxd4 Qc7 5. Nc3 e6 6. g3 a6 7. Bg2 d6
8. O-O Bd7 (8... Be7 $5 {Ribli} 9. Re1 Bd7 $13) 9. a4 (9. Re1 {Ribli} Be7 10.
Nxc6 Bxc6 11. Qg4 h5 12. Qe2 h4 13. Bf4 hxg3 14. hxg3 Nf6 15. Rad1 Rd8 16. a4
Nh5 17. Be3 Nf6 18. Bf4 Nh5 $10 {Minasian,A-Brodsky,M/Kstovo/1994/EXP42/}) 9...
Nf6 10. Nxc6 $1 Bxc6 11. a5 Be7 12. Be3 Nd7 (12... O-O $5 13. Bb6 Qb8) 13. Na4
O-O 14. Nb6 Rae8 15. c4 $1 {N} (15. Re1 {Ribli} f5 $1 16. Nxd7 Qxd7 17. Qd3 $5
(17. Bb6 $6 f4 $36 {Illescas Cordoba,M-Polgar,J/Pamplona/1991/CBM21/INF51,220/}
) 17... fxe4 18. Bxe4 Bxe4 19. Qxe4 d5 20. Qa4 Qxa4 21. Rxa4 Rc8 22. c3 Rc6 $10
{Vogt,L-Cramling,P/Valby/1991/CBM27/}) 15... Nxb6 (15... f5 $6 16. Nd5 $1 Bxd5
(16... exd5 17. exd5 $16) 17. cxd5 e5 18. exf5 Rxf5 19. Bh3 $16) (15... Nc5 {
Ribli} 16. Qc2 f5 17. f3 fxe4 18. fxe4 Bf6 19. Rac1 Nd7 20. b4 Ne5 21. Qe2 Re7
22. Rfd1 Rd8 23. Kh1 Qb8 24. b5 $14 {Gipslis,A-Fogarasi,T/Ostrava/1993/CBM38/})
16. Bxb6 Qc8 (16... Qd7 $5 {Ribli} 17. Qd3 f5 18. Rad1 fxe4 19. Bxe4 Bxe4 20.
Qxe4 Rf5 21. Rfe1 $14 {Inkiov,V-Cebalo,M/Athens/1983/INF36,281/}) 17. Re1 f5
18. Qd2 e5 $5 (18... fxe4 19. Bxe4 Rf6 (19... Bxe4 {Ribli} 20. Rxe4 $14 {
>< e6,d6}) 20. f4 $14) 19. Bh3 $1 $14 (19. exf5 $6 Bxg2 20. Kxg2 Qxc4 21. Rac1
Qb5 $13) 19... g6 (19... Bd7 20. Bxf5 Bxf5 21. exf5 Qxc4 22. Rac1 Qb5 23. Rc7
Rxf5 24. Rxb7 $16) (19... Qe6 $5 $14 {Ribli}) 20. exf5 gxf5 21. c5 $1 Qe6 (
21... dxc5 22. Rxe5 $16) 22. Bc7 $1 $16 (22. cxd6 Bxd6 23. Rad1 Bb8 $13) 22...
dxc5 23. Rxe5 (23. Bxe5 $2 Rd8 $1 24. Qf4 Qd5) 23... Qd7 (23... Qg6 24. Rae1
Bg5 25. f4 $18) 24. Qxd7 Bxd7 25. Bg2 $1 (25. Rae1 Bf6 $1 26. Rxe8 Rxe8 27.
Rxe8+ Bxe8 28. Bxf5 Bxb2 $14) 25... Bf6 $5 (25... Bc6 26. Bxc6 bxc6 27. Rae1
$18) 26. Rxe8 (26. Rxc5 $16 {Ribli}) 26... Rxe8 27. Bxb7 Bb5 (27... Bxb2 28.
Rb1 Bd4 29. Bxa6 $18) 28. Rc1 $1 Bg5 $5 (28... Bxb2 29. Rxc5 Re1+ 30. Kg2 Bf1+
31. Kf3 Be2+ 32. Kf4 $18) 29. Bf4 (29. Rxc5 $2 Re1+ 30. Kg2 Bf1+ 31. Kf3 Be2+
32. Kg2 Bf1+ $10) 29... Bxf4 30. gxf4 c4 $8 31. Bd5+ Kg7 32. Bxc4 Rc8 33. b3
Rc5 34. Kg2 Bxc4 (34... Bc6+ 35. Kg3 Rxa5 36. Re1 $1 $18) 35. bxc4 Kf7 (35...
Rxa5 36. c5 Rb5 37. c6 Rb8 38. c7 Rc8 39. Kg3 Kf7 40. Kh4 Ke7 41. Rc6 Kd7 42.
Rxa6 Rxc7 43. Kg5 $18) (35... Kf6 {Ribli} 36. Kg3 h6 $5 (36... Rxa5 {Ribli} 37.
c5 Rb5 $5 38. c6 Rb8 39. Ra1 $5 (39. c7 Rc8 40. Rc6+ Ke7 41. Kh4 $16) 39... Ke7
40. Rxa6 Kd6 41. Kh4 $16)) 36. Kg3 Rxa5 37. c5 Ke7 38. Kh4 $1 h6 $8 (38... Kd7
{Ribli} 39. Kg5 Kc6 40. Kxf5 Rxc5+ 41. Rxc5+ Kxc5 42. Ke6 a5 43. f5 a4 44. f6
a3 45. f7 a2 46. f8=Q+ $18) 39. Rc4 $1 (39. Kh5 $2 Ra4 40. Kxh6 Rxf4 $10) 39...
Rb5 (39... Kd7 40. c6+ Kc7 41. Kh5 Ra2 42. Kxh6 Rxf2 43. Kg5 Rxh2 44. Kxf5 $18)
40. Kh5 a5 41. c6 Kd8 42. Kxh6 Rb4 43. Rc2 a4 (43... Rxf4 44. Kg5 Rf3 (44...
Rg4+ {Ribli} 45. Kxf5 Rh4 46. f4 $18) 45. h4 $18) 44. Kg5 a3 45. h4 Rb2 46. Rc3
a2 47. Ra3 Kc7 48. Ra6 Rxf2 49. h5 Rh2 50. h6 {Leko,P} 1-0

[Event "Reggio Emilia 54th"]
[Site "Reggio Emilia"]
[Date "2012.01.05"]
[Round "9"]
[White "Caruana, Fabiano"]
[Black "Vitiugov, Nikita"]
[Result "1-0"]
[WhiteElo "2727"]
[BlackElo "2729"]
[Annotator "Likavsky,T"]
[PlyCount "85"]
[EventDate "2011.12.27"]
[EventType "tourn"]
[EventRounds "10"]
[EventCountry "ITA"]
[EventCategory "20"]
[SourceTitle "CBM 146"]
[Source "ChessBase"]
[SourceDate "2012.01.18"]
[SourceVersion "1"]
[SourceVersionDate "2012.01.18"]
[SourceQuality "1"]

1. e4 c5 2. Nf3 e6 3. d4 cxd4 4. Nxd4 a6 5. Be2 {Caruana's standard reactions
and also the main contenporary weapon of other high level players is 5.Bd3.
But he could have at least two good reasons to switch to the game move 5.Be2.:
a) A rather easy draw of Black just two rounds ago in this tournament. See
here below.  b) A rather easy victory of White just one round ago also in this
tournament! Please look the side line 6...Bb4 below.  I've written at least,
but I don't really believe that he prepared 5.Be2 at home. Otherwise he would
probably already have played it against Nakamura.} (5. Bd3 Nf6 6. O-O e5 7. Bg5
h6 8. Bxf6 Qxf6 9. Nf5 g6 10. Ne3 Bc5 11. Nd5 Qd8 12. b4 Ba7 13. a4 d6 14. a5
Be6 15. Bc4 O-O 16. Qd3 Nc6 17. c3 Ne7 18. Nd2 Rc8 19. Rac1 Kg7 20. Kh1 Nxd5
21. Bxd5 Qe7 {1/2 Caruana,F (2727)-Nakamura,H (2758)/Reggio Emilia ITA 2012/
The Week in Chess 896}) (5. Nc3 b5 $1 6. a4 $6 b4 {[%csl Rc3][%cal Gb4c3]
tempo! Please compare with 5.Be2 b5. Look the next note.}) 5... Nf6 (5... b5 $5
{[%csl Yc4][%cal Gd8c7,Gc8b7,Ya2a4,Rb5b4,Yb1d2,Yd2c4] is quite logical, though
the N is not on c3 yet and therefore White can get the c4-square easily at
some moment (in the event of a2-a4, b5-b4).}) 6. Nc3 {[%csl Rf6][%cal Ge4e5]
We can understand the sense of 5.Be2 now. At this moment 6... b5 is impossible
because of 7.e5.} Qc7 {[%cal Gc7e5]} (6... Bb4 7. e5 Nd5 8. O-O Nxc3 9. bxc3
Bxc3 10. Ba3 Qa5 11. Bd6 Nc6 12. Nxc6 dxc6 13. f4 Bxa1 14. Qxa1 Qd2 15. Bd3
Qe3+ 16. Kh1 Bd7 17. Qb2 b5 18. a4 Rc8 19. f5 exf5 20. e6 Qxe6 21. Qxg7 Qxd6
22. Qxh8+ Qf8 23. Qxh7 Kd8 24. Bxf5 Bxf5 25. Qxf5 {1-0 Giri,A (2714)-Vitiugov,
N (2729)/Reggio Emilia ITA 2012/The Week in Chess 896 (54)}) (6... b5 7. e5) 7.
O-O Bb4 {I am not a great fan of giving this bishop for the knight almost in
any kind of Sicilian. But it seems Black just wants to avoid some line after
an immediate 7...Nc6 in this case.} (7... Nc6 8. Be3 ({After} 8. Kh1 Nxd4 9.
Qxd4 Bc5 {we have the same position as in the game, but one move earlier...})
8... Be7 (8... Bb4 9. Na4) 9. f4) 8. Qd3 Nc6 9. Kh1 (9. Be3 $2 {is not
accurate, gently said, now.} Ne5 $1) 9... Nxd4 10. Qxd4 Bc5 (10... Bxc3 $6 11.
bxc3 e5 12. Qd3 O-O 13. Ba3 Re8 14. Bd6 $16) 11. Qd2 $1 ({A more common but
probably worse move is} 11. Qd3 {which allows} b5 $1 {[%cal Gc8b7]}) 11... h6 (
{Black was fine in the attached game after} 11... O-O {However, White could
have prepared something stroger and it isn't so easy for the black K to call
out: "Here I am, on the kingside...".} 12. Qg5 d6 13. Bd3 b5 14. Qg3 Bb7 15.
Bh6 Ne8 16. Bd2 Nf6 17. Rae1 Bd4 18. f4 d5 19. e5 Ne4 20. Nxe4 dxe4 21. Bxe4
Bxe4 22. Rxe4 Rfd8 {1/2 Jakovenko,D (2691)-Lautier,J (2656)/France 2007/CBM
116 ext (60)}) (11... b5 $2 12. Qg5 $1) 12. f4 {[%cal Ge4e5]} d6 13. Qe1 {
[%cal Ge4e5]} Bd7 {Covering the e5-threat and developing the B.} (13... b5 $2
14. e5 $1 dxe5 15. fxe5 Qxe5 $4 16. Bxb5+) 14. Qg3 Bd4 {Vitiugov has already
no taste for castling to a kingside weakened with h6.} (14... O-O $2 15. e5 Ne8
16. Ne4 {[%csl Rg8,Rh6]}) 15. Bf3 (15. Qxg7 $2 Rg8 16. Qxh6 Bc6 $40) 15... Qc4
(15... Bxc3 $6 16. bxc3 Qxc3 17. Rb1 Qxc2 18. Bb2 (18. Rxb7) 18... Nxe4 19.
Qxg7 $16) (15... O-O-O $6 16. Ne2 Bb5 17. Nxd4 $1 Bxf1 18. Be3 Bb5 19. Qxg7 $16
) (15... Bc6 $2 16. Ne2 $18) 16. Bd2 (16. Ne2 $2 Nxe4 $1) 16... Bc6 17. Rae1 $2
{A serious mistake after which Black will take the initiative.} (17. e5 $1 {
looks like a reasonable try; e.g.:} Bxf3 18. Rxf3 dxe5 19. fxe5 Nd7 20. Ne4 (
20. Re1 $5 {[%csl Rf7,Rg7]} O-O-O $1 $13 {[%csl Rd2][%cal Gd4e5,Yd8d2]} 21.
Qxg7 $2 Rdg8 22. Ne4 Qc6 23. Qxf7 Nxe5 $17) 20... Bxe5 21. Qxg7 (21. Nd6+ $5
Bxd6 22. Qxd6 $44) 21... Bxg7 22. Nd6+ Kf8 23. Nxc4 Ne5 24. Nxe5 Bxe5 25. Raf1
$14) 17... O-O-O $15 {[%csl Rh1][%cal Yh6h5,Yg7g5,Yc6h1,Yd4g1] |^} 18. Be2 (18.
e5 $2 dxe5 19. Bxc6 Qxc6 20. fxe5 Bxe5 {[%csl Rd2][%cal Gd8d2]}) 18... Qc5 19.
Bd3 g5 {[%cal Gf6h5]} (19... h5 $5 {[%cal Yf6g4,Gh5h4,Gf6h5,Gh5g3]} 20. Na4 h4
21. Qf3 Bxa4 22. c3 Be5) 20. Qf3 (20. fxg5 $2 Be5 21. Qe3 hxg5 $17) 20... Rhg8
$2 (20... gxf4 $142 21. Bxf4 Nd7 $5 $15 {[%cal Gd7e5,Yf7f5]}) 21. Na4 $1 {
[%mdl 64]} g4 (21... Bxa4 $143 22. c3 {[%csl Rd4,Rf6,Rf7][%cal Gc3d4,Gf4g5]} g4
23. Qe2 $1 $14 {[%csl Ra4][%cal Gd3a6]}) 22. Qe2 Qh5 23. Bc3 Bxc3 24. Nxc3 $11
{White fortunately has solved some of his problems and the chances are more or
less equal.} Qc5 $6 {[%csl Rc5][%cal Ge4e5,Yc3e4,Ye4c5] One slip leads often
to another. This is an uinfortunate square.} 25. e5 $1 Nd7 26. Ne4 Bxe4 {
At last the very dangerous black B is out!} 27. Bxe4 d5 {It's good to chase
the B from the long /^, but now I don't see any good hopes for the black rooks.
..} (27... dxe5 $142 {[%cal Gd8d1]} 28. f5 $1 $14 {[%csl Rb7,Rd7,Ye4][%cal
Ye4b7,Ye4g2,Gf1f7][%mdl 32] |^ White's B is much stronger than the black N now.
} Nf6 $2 29. fxe6 Nxe4 30. exf7 Ng3+ 31. hxg3 Rg5 32. Qf2 $16) 28. Bd3 $14 {
[%cal Gc2c4] The position is somewhat closed, but White has some prospects to
open it, Black does not...} Kb8 29. Rb1 $1 {[%cal Gb2b4,Gb4b5][%mdl 32]} Rc8
30. b4 Qd4 31. Qe1 $1 {[%cal Ge1a5,Ye1h4]} (31. b5 $143 a5 $1) 31... Nb6 32. b5
axb5 33. Rxb5 $40 {[%mdl 128]} Rc7 34. Qa5 Nd7 35. Rfb1 (35. Qa3 $5) 35... Qa7
$2 {Under pressure!} (35... Nc5 $142 {and Black could hope to play on.}) 36.
Qb4 $18 {[%csl Yb1,Yb4,Yb5,Rb7,Rb8]} Nc5 37. Bh7 $1 {A long and a nice move.} (
37. Ra5 Nxd3 $1) 37... Rgc8 38. Ra5 Na6 $8 39. Qd6 {[%cal Ga5a6]} Ka8 40. Rb6
$1 {[%cal Ga5a6,Gb6a6]} Rc6 41. Raxa6 $1 {[%mdl 64]} bxa6 42. Rxc6 Rb8 43. c3
$1 {[%cal Gh7b1] We have seen perfect strategic and tactical play by White
from move 21 and then his energetic attack!} 1-0

[Event "Olympiad-41"]
[Site "Tromsoe"]
[Date "2014.08.10"]
[Round "8.1"]
[White "Adams, Michael"]
[Black "Ivanisevic, Ivan"]
[Result "1-0"]
[WhiteElo "2740"]
[BlackElo "2613"]
[Annotator "Marjanovic,S"]
[PlyCount "139"]
[EventDate "2014.08.02"]
[EventType "team-swiss"]
[EventRounds "11"]
[EventCountry "NOR"]
[SourceTitle "CBM 162"]
[Source "ChessBase"]
[SourceDate "2014.09.17"]
[SourceVersion "1"]
[SourceVersionDate "2014.09.17"]
[SourceQuality "1"]
[WhiteTeam "England"]
[BlackTeam "Serbia"]
[WhiteTeamCountry "ENG"]
[BlackTeamCountry "SRB"]

1. e4 c5 2. Nf3 e6 3. d4 cxd4 4. Nxd4 Nc6 5. Nc3 Qc7 6. g3 a6 7. Bg2 h5 (7...
d6 {has been played more often}) ({while} 7... Nf6 {is the main line}) 8. O-O
h4 9. Re1 hxg3 10. hxg3 d6 11. Nxc6 bxc6 12. e5 ({The alternative is} 12. Be3)
12... d5 13. Na4 Bb7 14. c4 dxc4 15. Nc3 Ne7 16. Ne4 $5 $146 {An interesting
novelty} ({After} 16. Qa4 O-O-O 17. Qxc4 c5 18. Ne4 Nf5 19. Bg5 (19. Be3 Nxe3
20. Rxe3 {1/2-1/2 (38) Sprenger,J (2498)-Avrukh,B (2596) Sibenik 2012} Qxe5 $13
{and the position is unclear}) 19... Rd4 20. Qc3 Bd5 $14 {White has a slight
advantage}) 16... Nd5 (16... Ng6 17. Nd6+ Bxd6 18. exd6 Qd7 19. Qa4 $14) (16...
Nf5 17. Bg5 Bb4 18. Re2 $14) 17. Bg5 (17. Qd4 c5 18. Qxc4 Nb6 19. Qc3 $14)
17... a5 (17... Bb4 18. Re2 a5 19. a3 Bf8 20. Qd4 $14) 18. Rc1 (18. Qd4 $1 Bb4
19. Rec1 Ba6 20. a3 Be7 21. Nd6+ Kf8 22. Bxe7+ Nxe7 23. Nxc4 Bxc4 24. Rxc4 Rd8
25. Qc3 $14) 18... Ba6 $6 {An imprecision} ({A better move was} 18... Bb4 19.
Re2 Ba6 20. a3 Bf8 21. Qd4 Qa7 22. Qxa7 Rxa7 23. Rec2 $14 {and White stands
slightly better.}) 19. Qg4 (19. b3 $1 {was more precise:} cxb3 (19... Ba3 20.
bxc4 Bxc1 21. Bxc1 Ne7 22. Ba3 $16) (19... c3 20. Nxc3 Qd7 21. Qg4 $16) 20.
Nd6+ Bxd6 21. Bxd5 Bc5 22. Be4 Qb6 23. Qf3 b2 (23... Rc8 24. axb3) 24. Bxc6+
Kf8 25. Bxa8 bxc1=Q 26. Rxc1 Kg8 27. Kg2 $16 {and White has the upper hand.})
19... Rb8 (19... Bb4 $1 {was better:} 20. Bd2 Kf8 $13 {with an unclear
position (Ivanisevic).}) 20. Rc2 (20. Nd6+ Bxd6 21. exd6 Qxd6 22. Qd4 f6 23.
Bxd5 cxd5 24. Bf4 Qb6 25. Qxd5 Kf7 26. Qd7+ Kg6 27. Qxe6 Bc8 $15) (20. Bf4 Nxf4
(20... Rxb2 21. Nd6+ Bxd6 22. Qxg7 Bf8 23. Qxh8 Nxf4 24. gxf4 Qb6 25. Re3 $16)
21. Qxf4 $14) 20... Bb4 21. Bd2 Kf8 22. a3 Be7 23. Nd6 Bxd6 24. exd6 Qxd6 25.
Bxa5 Kg8 26. Rd1 e5 27. Qg5 Re8 28. Bc3 Rh6 29. Re1 Rg6 (29... Nxc3 30. Rxc3 e4
$15) 30. Qh5 Nxc3 31. Rxc3 Qd2 32. Qe2 Qxe2 (32... Rd6 $15) 33. Rxe2 Rd6 34. f4
f6 35. Kf2 Kf7 (35... Bb5 36. fxe5 Rxe5 37. Rxe5 fxe5 $15) 36. fxe5 fxe5 (36...
Rxe5 37. Rxe5 fxe5 38. Bf1 (38. Ke3 Bb5 39. Bf1 Rd4 40. b3 cxb3 41. Bxb5 cxb5
42. Rxb3 Rd5 $17) 38... Rd2+ 39. Ke3 Rxb2 40. Bxc4+ Bxc4 41. Rxc4 Rb6 42. Ke4
Kf6 $15) 37. Ke1 Rf6 (37... Rb8 $5) 38. Rec2 ({White could equalise after} 38.
Rd2 Rb8 39. Re3 $11) 38... Rh8 39. Re3 Rh5 (39... Ke6 40. b3 (40. Bxc6 $2 c3
41. Rexc3 Rf1+ 42. Kd2 Rh2+ 43. Ke3 Re1+ 44. Kf3 Be2+ $19) 40... Rh2 41. bxc4
Bxc4 42. Rxc4 Rxg2 43. Rxc6+ Kd5 $15) 40. Bf3 Rh3 41. Be2 Rh1+ (41... c5 42.
Rxe5 (42. Bxc4+ Bxc4 43. Rxc4 Rh1+ 44. Kd2 Rf2+) 42... Rxg3 43. Rxc5 Ke7 $11) (
41... Rg6 $11) 42. Kd2 Ke6 (42... Rf2 43. Rxe5 Kf6 44. Re4 Bb5) 43. Kc3 Rg6 (
43... Kd6 44. Rd2+ (44. Kb4 c5+ 45. Ka5 Rh8) 44... Kc7 45. Rxe5 Rg1) 44. Kb4 $1
Kd6 (44... Rh8) 45. Ka5 {With his more active king White has at least a slight
advantage.} Bb5 46. Bxc4 ({If} 46. Kb6 {then} Rh3 47. Rd2+ Ke6 48. a4 Rgxg3 (
48... Bxa4 49. Bxc4+ Kf6 50. Rf2+ Kg5 51. Rxe5+ $16) 49. Rxg3 Rxg3 50. axb5
cxb5 51. Rc2 Rb3 52. Kc5 Kf5 {with the idea to get a draw in the ending rook
against rook and bishop.}) 46... Bxc4 47. Rxc4 Kc7 $6 ({Black could equalise
with} 47... Rh3 $1 48. Rcc3 e4 49. Rxe4 Rgxg3 50. Rc2 Rh5+ 51. Ka6 Rb3 $11) 48.
b4 Rd1 (48... Rh8 {deserves some attention:} 49. b5 (49. Ka4 Rh3) 49... Re8 50.
Rec3 (50. Rc5 e4) 50... e4 51. Rxc6+ Rxc6 52. Rxc6+ Kb7 53. Rc2 e3 54. Re2 Re4
55. b6 Kc6 56. b7 Kxb7 57. Kb5 Kc7 58. Kc5 Kd7 59. Kd5 Re6 60. Kd4 Rd6+ 61.
Kxe3 Ra6 62. Rd2+ Ke6 63. Rd3 Ke5 {with an active defence.}) 49. b5 (49. Rxe5
Rxg3 50. a4 Rd8 51. Re7+ Kd6 52. Re1 $16) 49... Rd5 50. a4 Kd7 (50... Kd8 51.
Rec3 cxb5 52. axb5 Rgd6 53. g4 $16) 51. Rec3 cxb5 52. axb5 Rd1 (52... Rgd6 53.
Rc7+ Kd8 54. Rxg7 e4 55. g4 $16) 53. Rc7+ Ke8 54. Rc8+ Ke7 55. R3c7+ Kf6 {
The last inaccuracy after which White has a decisive advantage.} ({After} 55...
Ke6 56. Rc6+ Kd7 57. Rxg6 Kxc8 58. Rxg7 e4 $16 {White is better.}) 56. Rc6+ Kf5
57. Rxg6 Kxg6 58. Rc4 (58. b6 {also wins:} Ra1+ 59. Kb5 Rb1+ 60. Kc6 Rc1+ 61.
Kd7 Rd1+ 62. Kc7 Rc1+ 63. Kb8 Rb1 64. b7 Kf5 65. Kc7 e4 66. b8=Q Rxb8 67. Rxb8
$18) 58... Rd5 59. Kb4 (59. Ka6) 59... Kf5 60. b6 Rd8 61. g4+ Kg5 62. Kb5 Kh4
63. b7 Rb8 64. Kb6 g5 65. Kc7 Rf8 66. b8=Q Rxb8 67. Kxb8 Kg3 68. Kc7 Kf3 69.
Kd6 e4 70. Ke5 1-0